000 00660nam a2200193Ia 4500
003 GCL
008 140319s9999 xx 000 0 ara d
040 _aGCL /
_cGCL
082 0 4 _a070.172
_bع ت
100 1 _aعبدالفتاح ابراهيم عبدالنبى
245 1 0 _aالتناول الاعلامى لجرائم النخبة : دراسة للنموذج المصرى فى الثمانينات /
_cعبدالفتاح ابراهيم عبدالنبى
300 _a200 ص
490 _a
650 0 4 _aالجريمة والمجرمون
650 0 4 _aالصحافة
650 0 4 _aوسائل الاعلام
650 0 4 _aالصحف
942 _2ddc
_cBK
999 _c39300
_d39300